Aprender Ingles días y meses - Estadísticas

Estadísticas generales
  • Esta prueba ha sido intentada 16 veces
  • La puntuación promedio es 14 de 19
Estadísticas de respuestas
Español Ingles % Correcto
Lunes Monday
100%
Martes Tuesday
92%
Viernes Friday
77%
Miércoles Wednesday
77%
Abril April
69%
Agosto August
69%
Diciembre December
69%
Febrero February
69%
Enero January
69%
Julio July
69%
Junio June
69%
Marzo March
69%
Mayo May
69%
Noviembre November
69%
Octubre October
69%
Sábado Saturday
69%
Septiembre September
69%
Domingo Sunday
69%
Jueves Thursday
69%
No se encontraron pruebas coincidentes
Distribución de puntuación
Porcentaje de gente con cada puntuación
Porcentaje por número respondido
Historial de tus puntuaciones
No has intentado esta prueba.